000 00444nam a2200157 i 4500
001 104475
003 ES-MaACL
005 20230906183620.0
007 t|
008 051130s1926 sp ||||1| spa d
100 1 _aMillares Cubas, Luis.
_981180
245 1 0 _aCanariadas de antaƱo
_b: (cuentos) /
_cLuis Millares Cubas.
260 _aLas Palmas :
_b[s.n.],
_c1926 (
_fTip. Diario)
300 _a157 p. ;
_c19 cm.
852 _aES-MaACL
_jF-675
999 _c104475
_d104475